000 00630nam a22001937a 4500
003 OSt
005 20251126085059.0
008 251126b |||||||| |||| 00| 0 eng d
020 _a0-534-63284-X.
040 _aDWCL-Main lib
_cOC
082 _26th ed.
_aCirc. 362.29 D746c 2006
100 _aDoweiko, Harold E.
245 _aConcepts of chemical dependency 6th ed.
_cDoweiko, Harold E.
260 _aUSA :
_bThomson Higher Education,
_cc2006.
300 _axx, 582 pages :
_bilustration ;
_c23 cm.
504 _aIncludes bibliographical references and index.
650 _21. Drug abuse.
942 _2ddc
_cBK-CIRC
_e6th ed.
_kCirc.
_n0
999 _c6345
_d6345